Statistiques concernant Symboles de Pays

Cliquez ici pour prendre le quiz!

Statistiques générales

  • Ce quiz a été pris 136 fois
  • Le résultat moyen est 7 sur 15

Statistiques - réponses

SymbolePays% Correct
Kangourou / KoalaAustralie
97%
Feuille d'érableCanada
93%
SombreroMexique
88%
Fontaine AustriaAutriche
70%
FennecAlgérie
65%
ChardonEcosse
57%
AtomiumBelgique
56%
Pygargue à tête blancheEtats-Unis
56%
Coq de BarcelosPortugal
31%
CondoritoChili
25%
Palmier à cireColombie
15%
Coco de MerSeychelles
6%
Kélou Bital DiguelTchad
3%
Yumi, Yumi, YumiVanuatu
2%
Symbole de l'éternitéArménie
1%

Distribution des résultats

Percentile par nombre de réponses

% des personnes avec chaque résultat

Votre développement - résultats

Vous n’avez pas pris ce quiz